| 000 | 00939nam a2200229 i 4500 | ||
|---|---|---|---|
| 001 | 67613 | ||
| 003 | ES-MaACL | ||
| 005 | 20230906170120.0 | ||
| 007 | t| | ||
| 008 | 040608s1998 sp ||||0| spa d | ||
| 020 | _a84-88659-16-4 | ||
| 040 |
_aM-BN _bspa _cM-BN |
||
| 080 | _a821.134.2-2"19" | ||
| 100 | 1 |
_aLópez Aranda, Ricardo. _973408 |
|
| 245 | 1 | 0 |
_aTeatro _b: obras escogidas / _cRicardo López Aranda. |
| 250 | _a1ª ed. | ||
| 260 |
_aMadrid : _bAsociación de Autores de Teatro, _c1998. |
||
| 300 |
_a2 v. ; _c21 cm. |
||
| 505 | 8 | _at. 1. Nunca amanecerá ; Cerca de las estrellas ; Noche de San Juan ; La esfinge sin secreto ; El asedio ; La cita ; La espera t. 2. Las herederas del sol ; Isabelita la miracielos ; Isabel, reina de corazones ; Yo, Martín Lutero ; El buscón ; Fortunata y Jacinta ; Los extraños amantes | |
| 710 | 2 |
_aAsociación de Autores de Teatro. _91565 |
|
| 852 |
_aES-MaACL _jL-27853-54 _bR.133594 |
||
| 999 |
_c67613 _d67613 |
||